000 00483nam a2200181Ia 4500
005 20250317123121.0
008 008 250317s9999 xx 000 0 eng d
037 _aTextbook
040 _aFMSL
_beng
_cFMSL
041 _aeng
_2eng
084 _aX N3
_qFMSL
100 _aLund P J
_9281975
245 0 _aEconometric study of the machine tool industry
260 _aNY
_bNY, HMSO
_c1973
300 _a86p
942 _cTB
_hX N3
999 _c1249925
_d1249925